[Event "VII Festival A"]
[Site "Verona ITA"]
[Date "2001.01.06"]
[Round "7"]
[White "Ausmins, Elmar"]
[Black "Rossi, Carlo"]
[Result "1-0"]
[WhiteElo "2335"]
[BlackElo "2418"]
[PlyCount "75"]
[EventDate "2001.01.02"]

1. d4 Nf6 2. Nf3 c5 3. d5 c4 4. Nc3 Qa5 5. Qd4 b5 6. Nd2 e6 7. e4 Na6 8. a4 Nb4
9. Kd1 a6 10. b3 Qc7 11. axb5 Bc5 12. Qxc4 Ng4 13. Ba3 Nxf2+ 14. Kc1 Qd6 15. e5
exd5 16. exd6 dxc4 17. Nde4 Nbd3+ 18. Bxd3 Bxa3+ 19. Rxa3 Nxh1 20. Bxc4 Bb7 21.
bxa6 O-O 22. Kb2 Bc6 23. Ra1 Rae8 24. a7 Ra8 25. Rxh1 Rxa7 26. Rf1 h6 27. g4
Ra5 28. h4 Re5 29. Ng3 g6 30. Nce2 Kg7 31. Nf4 Re3 32. Nge2 f6 33. Nd4 Be4 34.
Nfe6+ dxe6 35. Nxe6+ Kf7 36. Nxf8+ Kxf8 37. Rxf6+ Kg7 38. Rf7+ 1-0

[Event "VII Festival A"]
[Site "Verona ITA"]
[Date "2001.01.06"]
[Round "7"]
[White "Mrdja, Milan"]
[Black "Guido, Flavio"]
[Result "0-1"]
[WhiteElo "2450"]
[BlackElo "2362"]
[PlyCount "66"]
[EventDate "2001.01.02"]

1. e4 c5 2. Nf3 e6 3. d4 cxd4 4. Nxd4 Nf6 5. Nc3 d6 6. f4 a6 7. Qf3 Qb6 8. Nb3
Qc7 9. g4 b5 10. a3 Bb7 11. g5 Nfd7 12. Bd3 g6 13. h4 Bg7 14. Bd2 Nc6 15. h5
O-O-O 16. O-O-O Nc5 17. Kb1 Nxb3 18. cxb3 Nd4 19. Qf2 Nxb3 20. Be3 Nc5 21. Bd4
Bxd4 22. Qxd4 e5 23. Qe3 Kb8 24. Bc2 Ne6 25. f5 Nd4 26. hxg6 hxg6 27. fxg6 fxg6
28. Rh6 Rhg8 29. Rf1 a5 30. Bd3 b4 31. axb4 axb4 32. Nb5 Nxb5 33. Bxb5 Qc5 0-1

[Event "V Torneo Open"]
[Site "Aprilia ITA"]
[Date "2001.01.28"]
[Round "3"]
[White "Scacco, Mauro"]
[Black "Passerotti, Pierluigi"]
[Result "1-0"]
[WhiteElo "2039"]
[BlackElo "2270"]
[PlyCount "59"]
[EventDate "2001.01.27"]

1. Nf3 f5 2. b3 d6 3. c4 e5 4. d4 e4 5. Ng5 h6 6. Nh3 g5 7. Nc3 Bg7 8. e3 Be6
9. f3 exf3 10. Qxf3 Nc6 11. Bd3 g4 12. Qg3 Bf6 13. Nf4 Bh4 14. Nxe6 Bxg3+ 15.
hxg3 Qd7 16. Nd5 Nce7 17. Ndxc7+ Kf7 18. d5 Rc8 19. Bb2 Nf6 20. Nb5 Ne4 21.
Bxe4 fxe4 22. O-O+ Kg8 23. Rf4 Ng6 24. Rf6 Ne5 25. Raf1 a6 26. Bxe5 dxe5 27.
Rg6+ Kh7 28. Rff6 Qf7 29. Rxh6+ Kg8 30. Rxh8+ 1-0

[Event "XII Festival Angelo Palmiotto A"]
[Site "Bologna ITA"]
[Date "2001.01.07"]
[Round "?"]
[White "Antoniacci, Riccardo"]
[Black "Calavalle, Giulio"]
[Result "0-1"]
[WhiteElo "2066"]
[BlackElo "2183"]
[PlyCount "68"]
[EventDate "2001.01.07"]

1. e4 c5 2. Nf3 Nc6 3. d4 cxd4 4. Nxd4 e5 5. Nb5 d6 6. N1c3 a6 7. Na3 b5 8. Nd5
Nf6 9. Bg5 Be7 10. Bxf6 Bxf6 11. c3 O-O 12. Nc2 Bg5 13. h4 Bh6 14. g4 g6 15. g5
Bg7 16. Nce3 Be6 17. Ng4 Bxd5 18. Qxd5 Ne7 19. Qd2 f5 20. gxf6 Bxf6 21. h5 gxh5
22. Qh6 Ng6 23. Qxh5 Ra7 24. Nh6+ Kh8 25. Qxg6 hxg6 26. Nf7+ Kg7 27. Nxd8 Bxd8
28. Rd1 Raf7 29. Rh2 Bb6 30. Rxd6 Bxf2+ 31. Ke2 Bg3 32. Rg2 Rf2+ 33. Rxf2 Rxf2+
34. Ke1 Rf6+ 0-1

[Event "XII Festival Angelo Palmiotto A"]
[Site "Bologna ITA"]
[Date "2001.01.07"]
[Round "?"]
[White "Antoniacci, Riccardo"]
[Black "Tomba, Ivan"]
[Result "0-1"]
[WhiteElo "2066"]
[BlackElo "2067"]
[PlyCount "90"]
[EventDate "2001.01.07"]

1. e4 c5 2. Nf3 d6 3. d4 cxd4 4. Nxd4 Nf6 5. Nc3 a6 6. f4 e6 7. Be2 Be7 8. O-O
O-O 9. a4 Nc6 10. Be3 Qc7 11. Kh1 Re8 12. Qe1 Nxd4 13. Bxd4 e5 14. Be3 Be6 15.
Qf2 Qc6 16. a5 Nxe4 17. Nxe4 Qxe4 18. Bf3 Qb4 19. c3 Qb5 20. Bd1 Bb3 21. fxe5
dxe5 22. Bf3 Bc4 23. Rfe1 Bd6 24. Rad1 Bc7 25. b4 e4 26. Bg4 Bd3 27. c4 Qxb4
28. Bf5 Qd6 29. Qh4 g6 30. Bg4 Bxa5 31. c5 Qe5 32. Rg1 Bc3 33. Bd7 Red8 34. Ba4
Bd4 35. Bg5 Rd5 36. Bf4 Qf6 37. Qxf6 Bxf6 38. c6 b5 39. Bb3 Rf5 40. Bh6 Rc8 41.
Rxd3 exd3 42. Re1 Re5 43. Rc1 Rxc6 44. Rf1 Rc3 45. Bd1 Bg5 0-1

[Event "XII Festival Angelo Palmiotto A"]
[Site "Bologna ITA"]
[Date "2001.01.14"]
[Round "?"]
[White "Brancaleoni, Maurizio"]
[Black "Scalcione, Michelangelo"]
[Result "0-1"]
[WhiteElo "2194"]
[BlackElo "2177"]
[PlyCount "67"]
[EventDate "2001.01.07"]

1. e4 e5 2. Nf3 d6 3. d4 exd4 4. Nxd4 Nf6 5. Nc3 Be7 6. Bf4 O-O 7. Qd2 Nc6 8.
O-O-O Nxd4 9. Qxd4 Be6 10. Qd2 a6 11. f3 b5 12. g4 b4 13. Nd5 Bxd5 14. exd5 a5
15. h4 Qb8 16. h5 a4 17. g5 Nd7 18. g6 b3 19. a3 bxc2 20. Re1 Bf6 21. Qxc2 Ra5
22. Be3 Nc5 23. Kb1 Qb3 24. Rh2 Qxc2+ 25. Rxc2 hxg6 26. hxg6 fxg6 27. Bh3 g5
28. f4 Re8 29. Bd2 Rxe1+ 30. Bxe1 Rb5 31. fxg5 Bxg5 32. Bb4 Bf6 33. Rh2 Be5 34.
Rf2 0-1

[Event "XII Festival Angelo Palmiotto A"]
[Site "Bologna ITA"]
[Date "2001.01.07"]
[Round "?"]
[White "Calavalle, Giulio"]
[Black "Scalcione, Michelangelo"]
[Result "0-1"]
[WhiteElo "2183"]
[BlackElo "2177"]
[PlyCount "65"]
[EventDate "2001.01.07"]

1. e4 e5 2. Bc4 Nf6 3. d3 Bc5 4. Bg5 O-O 5. Nc3 c6 6. Qf3 d6 7. Nge2 Nbd7 8.
Ng3 h6 9. h4 Nb6 10. Nf5 Bxf5 11. Qxf5 Nxc4 12. Bxf6 Qxf6 13. Qxf6 gxf6 14.
dxc4 Bb4 15. O-O-O Bxc3 16. bxc3 Rfd8 17. Rh3 Rd7 18. Rhd3 Rad8 19. Rf3 Kg7 20.
Rf5 d5 21. cxd5 cxd5 22. Rd3 dxe4 23. Rg3+ Kf8 24. Rxf6 Rd1+ 25. Kb2 R8d6 26.
Rxd6 Rxd6 27. Re3 Rd2 28. Rxe4 Rxf2 29. Rxe5 Rxg2 30. a4 Rg4 31. a5 Rxh4 32.
Kb3 Rg4 33. Rb5 0-1

[Event "XII Festival Angelo Palmiotto A"]
[Site "Bologna ITA"]
[Date "2001.01.07"]
[Round "?"]
[White "Camerini, Ivan"]
[Black "Gaiba, Paolo"]
[Result "1-0"]
[WhiteElo "2220"]
[BlackElo "2151"]
[PlyCount "31"]
[EventDate "2001.01.07"]

1. c4 c5 2. Nc3 Nc6 3. g3 b6 4. Bg2 Bb7 5. e4 e6 6. Nge2 Be7 7. O-O Bf6 8. f4
Bd4+ 9. Nxd4 cxd4 10. Nb5 Qb8 11. e5 g6 12. Nd6+ Kf8 13. d3 f5 14. b4 Nd8 15.
Nxb7 Nxb7 16. Qf3 1-0

[Event "XII Festival Angelo Palmiotto A"]
[Site "Bologna ITA"]
[Date "2001.01.14"]
[Round "?"]
[White "Foglia, Maurizio"]
[Black "Brancaleoni, Maurizio"]
[Result "0-1"]
[WhiteElo "2053"]
[BlackElo "2194"]
[PlyCount "86"]
[EventDate "2001.01.07"]

1. e4 c6 2. d4 d5 3. exd5 cxd5 4. Bd3 Nc6 5. c3 Nf6 6. Bf4 a6 7. Nd2 Bg4 8.
Ngf3 Rc8 9. h3 Bh5 10. O-O e6 11. Qa4 Nd7 12. b4 Bg6 13. Bxg6 hxg6 14. Rfe1 Be7
15. Re3 O-O 16. Qb3 Nf6 17. Ne5 Nxe5 18. Bxe5 Nd7 19. Nf3 Nb6 20. Rae1 Nc4 21.
R3e2 b5 22. a4 bxa4 23. Qxa4 Qb6 24. Qd7 Rfe8 25. Bf4 Qb5 26. Qxb5 axb5 27. Ra1
Bd6 28. Be5 Rc6 29. Ra7 f6 30. Bxd6 Nxd6 31. Nd2 Rxc3 32. Rd7 Nf5 33. Rxd5 Rc2
34. Rc5 Rb2 35. d5 Nd4 36. Re4 Rxd2 37. dxe6 Rxe6 38. Rc8+ Kf7 39. Rc7+ Ke8 40.
Rh4 Re7 41. Rh8+ Kf7 42. Rcc8 g5 43. f4 Nf3+ 0-1

[Event "XII Festival Angelo Palmiotto A"]
[Site "Bologna ITA"]
[Date "2001.01.14"]
[Round "?"]
[White "Gaiba, Paolo"]
[Black "Scalcione, Michelangelo"]
[Result "0-1"]
[WhiteElo "2151"]
[BlackElo "2177"]
[PlyCount "32"]
[EventDate "2001.01.07"]

1. e4 e5 2. f4 exf4 3. Nf3 d5 4. exd5 Nf6 5. Bc4 Nxd5 6. Qe2+ Be7 7. O-O Nc6 8.
Ne5 Bc5+ 9. Kh1 O-O 10. Nxc6 bxc6 11. c3 Re8 12. Qf3 Qh4 13. Bxd5 cxd5 14. Qxd5
Re1 15. Qf3 Bb7 16. Qd3 Qf2 0-1

[Event "XII Festival Angelo Palmiotto A"]
[Site "Bologna ITA"]
[Date "2001.01.07"]
[Round "?"]
[White "Scalcione, Michelangelo"]
[Black "Camerini, Ivan"]
[Result "1-0"]
[WhiteElo "2177"]
[BlackElo "2220"]
[PlyCount "87"]
[EventDate "2001.01.07"]

1. Nf3 Nf6 2. c4 g6 3. Nc3 c5 4. e4 d6 5. d4 b6 6. d5 Bg7 7. Be2 O-O 8. O-O
Nbd7 9. Ne1 Ne8 10. Bd2 e5 11. Nd3 f5 12. f3 f4 13. b4 Nc7 14. a4 Na6 15. Nb5
Rf6 16. a5 cxb4 17. Nxb4 Nxb4 18. Bxb4 Nc5 19. axb6 Na6 20. Be1 Qxb6+ 21. c5
dxc5 22. Bc4 Nb4 23. Bh4 g5 24. Bxg5 Rg6 25. d6+ Kh8 26. d7 Bxd7 27. Qxd7 Rxg5
28. Rxa7 Rd8 29. Rd1 Rxd7 30. Ra8+ Bf8 31. Rxd7 Rg8 32. Nd6 Nc2 33. Raa7 Qb1+
34. Bf1 Rxg2+ 35. Kxg2 Ne3+ 36. Kh3 Qxf1+ 37. Kh4 Qf2+ 38. Kg5 Qg2+ 39. Kf6
Qg6+ 40. Kxe5 Qg5+ 41. Ke6 Qg6+ 42. Ke5 Qg5+ 43. Nf5 Qxf5+ 44. exf5 1-0

[Event "XII Festival Angelo Palmiotto A"]
[Site "Bologna ITA"]
[Date "2001.01.14"]
[Round "?"]
[White "Tomba, Ivan"]
[Black "Camerini, Ivan"]
[Result "1-0"]
[WhiteElo "2067"]
[BlackElo "2220"]
[PlyCount "75"]
[EventDate "2001.01.07"]

1. e4 d6 2. d4 Nf6 3. Nc3 g6 4. f4 Bg7 5. Nf3 O-O 6. Bd3 c5 7. d5 Na6 8. O-O
Nc7 9. a4 Rb8 10. Qe1 a6 11. a5 b5 12. axb6 Rxb6 13. Nd1 Nb5 14. Ne3 e6 15.
dxe6 fxe6 16. f5 exf5 17. exf5 gxf5 18. Nxf5 Bxf5 19. Bxf5 d5 20. Qh4 Nd6 21.
Be6+ Kh8 22. Ng5 h6 23. Nh3 Nh7 24. Rxf8+ Qxf8 25. Nf4 Bd4+ 26. Kh1 Qf6 27.
Ng6+ Qxg6 28. Qd8+ Qe8 29. Qxb6 Qxe6 30. Bf4 Ng5 31. Qxd6 Qxd6 32. Bxd6 Ne4 33.
Bg3 Bxb2 34. Rxa6 Kh7 35. Bf4 Bd4 36. Rxh6+ Kg7 37. g3 Nf6 38. Kg2 1-0

[Event "XII Festival Angelo Palmiotto A"]
[Site "Bologna ITA"]
[Date "2001.01.07"]
[Round "?"]
[White "Tomba, Ivan"]
[Black "Foglia, Maurizio"]
[Result "0-1"]
[WhiteElo "2067"]
[BlackElo "2053"]
[PlyCount "70"]
[EventDate "2001.01.07"]

1. e4 Nf6 2. e5 Nd5 3. d4 d6 4. c4 Nb6 5. exd6 cxd6 6. Nc3 Bf5 7. Nf3 e6 8. Be2
Be7 9. O-O O-O 10. Be3 d5 11. c5 Nc4 12. Bxc4 dxc4 13. Ne5 Bd3 14. Nxd3 cxd3
15. Qxd3 Bxc5 16. Qe4 Bb6 17. Qxb7 Nd7 18. Qf3 f5 19. Rad1 Qe7 20. Bf4 Qb4 21.
Qc6 e5 22. Bc1 Qe7 23. Nd5 Qf7 24. Qd6 Bxd4 25. Ne7+ Kh8 26. Qxd7 Rfd8 27. Qc7
Rac8 28. Rxd4 exd4 29. Qe5 Re8 30. Bg5 h6 31. Bh4 d3 32. Qxf5 Qxf5 33. Nxf5 d2
34. Ne3 Rxe3 35. fxe3 Rc1 0-1

[Event "Weekend A Epifania"]
[Site "Torino ITA"]
[Date "2001.01.??"]
[Round "?"]
[White "Diana, Riccardo"]
[Black "Racioppo, Paolo"]
[Result "1/2-1/2"]
[WhiteElo "2190"]
[BlackElo "2198"]
[PlyCount "68"]
[EventDate "2001.01.??"]

1. e4 c5 2. c3 g6 3. d4 Qa5 4. d5 d6 5. Nd2 Bg7 6. Ngf3 Nd7 7. Bd3 Ngf6 8. O-O
O-O 9. Nc4 Qc7 10. a4 b6 11. h3 Bb7 12. Bf4 Nh5 13. Bh2 Ne5 14. Bxe5 dxe5 15.
Re1 Rad8 16. Ne3 Nf4 17. Bf1 Bc8 18. Qc2 Kh8 19. c4 f5 20. exf5 Bxf5 21. Nxf5
Rxf5 22. Nd2 e6 23. g3 Nxd5 24. cxd5 exd5 25. Bg2 e4 26. Rad1 Bd4 27. Re2 Qxg3
28. Nxe4 Qf4 29. Nc3 Rdf8 30. Nxd5 Bxf2+ 31. Kh1 Qh4 32. Qe4 Qh5 33. Rf1 Bd4
34. Rxf5 gxf5 1/2-1/2

[Event "Weekend A Epifania"]
[Site "Torino ITA"]
[Date "2001.01.??"]
[Round "?"]
[White "Gardoncini, Giovanni Battista"]
[Black "Faraoni, Enrico"]
[Result "1/2-1/2"]
[WhiteElo "1848"]
[BlackElo "2168"]
[PlyCount "52"]
[EventDate "2001.01.??"]

1. Nf3 f5 2. g3 Nf6 3. Bg2 g6 4. O-O d6 5. d3 Bg7 6. c3 O-O 7. Qb3+ Kh8 8. Ng5
d5 9. e4 h6 10. e5 hxg5 11. exf6 Bxf6 12. Qxd5 Qxd5 13. Bxd5 Rd8 14. Bc4 c5 15.
Be3 b6 16. d4 cxd4 17. cxd4 Bb7 18. Nc3 Nc6 19. Bd5 e6 20. Bxe6 f4 21. d5 fxe3
22. dxc6 Bxc6 23. fxe3 Bxc3 24. bxc3 Rd2 25. Rf2 Rad8 26. Raf1 Rxf2 1/2-1/2

[Event "Weekend A Epifania"]
[Site "Torino ITA"]
[Date "2001.01.??"]
[Round "?"]
[White "Mordiglia, Riccardo"]
[Black "Fassio, Luca"]
[Result "1-0"]
[WhiteElo "2102"]
[BlackElo "2201"]
[PlyCount "39"]
[EventDate "2001.01.??"]

1. d4 g6 2. e4 Bg7 3. Nc3 d6 4. f4 c6 5. Nf3 b5 6. a3 a6 7. Be3 Nd7 8. e5 Nh6
9. Qd2 Nb6 10. h3 Nf5 11. Bf2 h5 12. g3 Nc4 13. Bxc4 bxc4 14. d5 dxe5 15. Nxe5
cxd5 16. Qxd5 Be6 17. Qc6+ Kf8 18. Nxg6+ fxg6 19. Qxe6 Qd6 20. Qxc4 1-0

[Event "Weekend A Epifania"]
[Site "Torino ITA"]
[Date "2001.01.??"]
[Round "?"]
[White "Pepino, Enrico"]
[Black "Vujovic, Milorad"]
[Result "0-1"]
[WhiteElo "1858"]
[BlackElo "2269"]
[PlyCount "56"]
[EventDate "2001.01.??"]

1. e4 c5 2. Nf3 e6 3. d4 cxd4 4. Nxd4 Nf6 5. Nc3 d6 6. Be3 a6 7. f3 b5 8. g4
Bb7 9. Qd2 Be7 10. O-O-O Qc7 11. h4 Nc6 12. g5 Nd7 13. Bh3 Nde5 14. Qf2 b4 15.
Nce2 Nc4 16. b3 Nxe3 17. Qxe3 Rc8 18. Rd2 Nxd4 19. Qxd4 O-O 20. Ng3 d5 21. Nh5
e5 22. Qg1 Qc3 23. Re2 dxe4 24. Nf6+ Kh8 25. Bxc8 Rxc8 26. Nxe4 Bxe4 27. fxe4
Qa1+ 28. Kd2 Rd8+ 0-1

[Event "C.to Regionale Piemonte"]
[Site "Torino ITA"]
[Date "2001.04.??"]
[Round "?"]
[White "Martin, Tiziano"]
[Black "Fuggetta, Leonardo"]
[Result "1/2-1/2"]
[WhiteElo "1873"]
[BlackElo "2053"]
[PlyCount "100"]
[EventDate "2001.04.25"]

1. d4 g6 2. Nf3 Bg7 3. Bf4 d5 4. e3 Nf6 5. h3 Nbd7 6. Bd3 c6 7. c3 O-O 8. Nbd2
Re8 9. O-O Nh5 10. Bh2 e5 11. Be2 e4 12. Ne1 Nhf6 13. Nc2 Nf8 14. c4 Ne6 15. b4
h5 16. c5 b6 17. a4 h4 18. Nb3 Ng5 19. b5 Bd7 20. bxc6 Bxc6 21. Nb4 Bd7 22. c6
Bc8 23. Na6 Bxa6 24. Bxa6 Qe7 25. c7 Qe6 26. Bb7 Rac8 27. Bxc8 Rxc8 28. a5 Bf8
29. axb6 axb6 30. Ra7 Nf3+ 31. gxf3 Qxh3 32. Nd2 g5 33. Rb7 g4 34. fxe4 g3 35.
fxg3 Ng4 36. Qe2 hxg3 37. Bxg3 Qxg3+ 38. Qg2 Qxg2+ 39. Kxg2 Nxe3+ 40. Kg1 Nxf1
41. Kxf1 Bd6 42. Rxb6 Bf4 43. exd5 Rxc7 44. Ne4 Kg7 45. d6 Rd7 46. Ke2 f5 47.
Kf3 Bh2 48. Ng3 Bxg3 49. Kxg3 Kf6 50. Kf4 Ke6 1/2-1/2

[Event "C.to Regionale Piemonte"]
[Site "Torino ITA"]
[Date "2001.04.??"]
[Round "?"]
[White "Martin, Tiziano"]
[Black "Soncin, Denis"]
[Result "1-0"]
[WhiteElo "1873"]
[BlackElo "2086"]
[PlyCount "75"]
[EventDate "2001.04.25"]

1. d4 Nf6 2. Nf3 e6 3. Bf4 c5 4. c3 Qb6 5. Qb3 Nc6 6. e3 Be7 7. h3 O-O 8. Nbd2
d5 9. Be2 Bd7 10. O-O Na5 11. Qc2 Bb5 12. dxc5 Qa6 13. Bxb5 Qxb5 14. b4 Nc4 15.
a4 Qc6 16. Nxc4 dxc4 17. Ne5 Qe4 18. Qxe4 Nxe4 19. Nxc4 Nxc3 20. Bd6 Bxd6 21.
Nxd6 b6 22. c6 Rfd8 23. Nc4 Kf8 24. b5 Ke7 25. Kh2 Rd3 26. Ra3 Rad8 27. c7 Rc8
28. Ne5 Rd1 29. Rxd1 Nxd1 30. Rd3 Nxf2 31. Rd7+ Ke8 32. Kg1 Ne4 33. Rxf7 Nc5
34. Rxg7 Kf8 35. Rxh7 Kg8 36. Re7 Kf8 37. Ng6+ Kg8 38. h4 1-0

[Event "C.to Regionale Piemonte"]
[Site "Torino ITA"]
[Date "2001.04.??"]
[Round "?"]
[White "Mordiglia, Riccardo"]
[Black "Scarenzio, Renato"]
[Result "0-1"]
[WhiteElo "2102"]
[BlackElo "2107"]
[PlyCount "96"]
[EventDate "2001.04.25"]

1. b4 c6 2. Bb2 a5 3. a3 axb4 4. axb4 Rxa1 5. Bxa1 Qb6 6. c3 d5 7. Nf3 Nf6 8.
e3 Nbd7 9. Qa4 e5 10. Qa8 Qc7 11. Be2 Bd6 12. c4 dxc4 13. Na3 b5 14. O-O O-O
15. Nc2 e4 16. Nfd4 Bb7 17. Qa2 Bxh2+ 18. Kh1 Ra8 19. Qb2 Be5 20. f4 Bxd4 21.
Nxd4 Nb6 22. g4 Bc8 23. g5 Ne8 24. Rg1 Nd5 25. Nc2 Ra4 26. Qd4 Bf5 27. Kg2 Qd6
28. Bb2 Nxb4 29. Qxd6 Nxd6 30. Nxb4 Rxb4 31. Ba3 c5 32. Bxb4 cxb4 33. Ra1 Kf8
34. Ra7 b3 35. Ra1 Ke7 36. Kf2 Kd7 37. Ke1 Kc6 38. Kd1 b4 39. Ra5 Bh3 40. Kc1
Be6 41. Kb2 Nb5 42. Bd1 c3+ 43. dxc3 bxc3+ 44. Kc1 Kc5 45. Ra4 Bc4 46. Bxb3
Bxb3 47. Rxe4 c2 48. f5 Nc3 0-1

[Event "III Festival Piemonte Scacchi A"]
[Site "Torino ITA"]
[Date "2001.12.??"]
[Round "2"]
[White "Pepino, Enrico"]
[Black "Barbiso, Tiziana"]
[Result "1/2-1/2"]
[WhiteElo "2071"]
[BlackElo "1888"]
[PlyCount "57"]
[EventDate "2001.12.??"]

1. e4 e6 2. d4 d5 3. Nc3 Nf6 4. e5 Nfd7 5. f4 c5 6. Nf3 Nc6 7. Be3 cxd4 8. Nxd4
Bc5 9. Qd2 O-O 10. O-O-O Qe7 11. h4 Nb6 12. Nf3 Bd7 13. Ng5 d4 14. Qd3 f5 15.
exf6 gxf6 16. Nce4 Nb4 17. Qb3 dxe3 18. Nxc5 Qxc5 19. Rxd7 Nxd7 20. Nxe6 Qd5
21. Qxb4 Qd2+ 22. Qxd2 exd2+ 23. Kxd2 Rfc8 24. Rh3 Nc5 25. f5 Nxe6 26. fxe6 Rc5
27. Rd3 Rac8 28. c3 R8c7 29. Be2 1/2-1/2

[Event "III Festival Piemonte Scacchi A"]
[Site "Torino ITA"]
[Date "2001.12.??"]
[Round "2"]
[White "Sorcinelli, Francesco"]
[Black "Malano, Francesco"]
[Result "1-0"]
[WhiteElo "1881"]
[BlackElo "2042"]
[PlyCount "59"]
[EventDate "2001.12.??"]

1. e4 c5 2. Nc3 Nc6 3. f4 g6 4. Nf3 Bg7 5. Bc4 e6 6. f5 Nge7 7. fxe6 fxe6 8.
O-O O-O 9. a3 d5 10. Ba2 a6 11. d3 b5 12. Bg5 h6 13. Bh4 d4 14. Ne2 Kh7 15. Bg3
e5 16. Qd2 Bg4 17. Rf2 Qd7 18. Raf1 Bxf3 19. gxf3 g5 20. h4 Bf6 21. Rh2 Ng6 22.
hxg5 Bg7 23. Rff2 Nd8 24. f4 exf4 25. Nxf4 Nxf4 26. Rxf4 Ne6 27. Rfh4 Rf3 28.
Rxh6+ Bxh6 29. Rxh6+ Kg7 30. Be5+ 1-0

[Event "III Festival Piemonte Scacchi A"]
[Site "Torino ITA"]
[Date "2001.12.??"]
[Round "3"]
[White "Malano, Francesco"]
[Black "Pepino, Enrico"]
[Result "0-1"]
[WhiteElo "2042"]
[BlackElo "2071"]
[PlyCount "112"]
[EventDate "2001.12.??"]

1. c4 g6 2. Nc3 Bg7 3. e4 d6 4. g3 Nf6 5. Bg2 O-O 6. Nge2 e5 7. d3 Be6 8. O-O
Qd7 9. b4 Bh3 10. a4 Qg4 11. Be3 Qh5 12. Bxh3 Qxh3 13. f3 Nc6 14. b5 Ne7 15.
Qd2 Nh5 16. Nd1 Qe6 17. Rb1 f5 18. a5 Rf7 19. a6 b6 20. Bf2 Raf8 21. Kg2 Kh8
22. Ndc3 Ng8 23. Nd5 Ngf6 24. Nb4 fxe4 25. fxe4 Bh6 26. Qc3 Qg4 27. Qc2 Nf4+
28. Nxf4 exf4 29. Bd4 Kg8 30. Qd1 Qc8 31. Nc6 Ng4 32. gxf4 Bg7 33. Nxa7 Bxd4
34. Nxc8 Ne3+ 35. Kg3 Nxd1 36. Nxd6 cxd6 37. Rbxd1 Rxf4 38. Kg2 Rf2+ 39. Rxf2
Rxf2+ 40. Kg3 Ra2 41. h3 h5 42. Rf1 Kg7 43. Kf4 Ra3 44. Rf3 Ra2 45. e5 Bxe5+
46. Ke4 g5 47. Kd5 g4 48. hxg4 hxg4 49. Rf1 g3 50. Kc6 g2 51. Rd1 Bd4 52. Kb7
g1=Q 53. Rxg1+ Bxg1 54. a7 Kf6 55. a8=Q Rxa8 56. Kxa8 Ke5 0-1

[Event "III Festival Piemonte Scacchi A"]
[Site "Torino ITA"]
[Date "2001.12.??"]
[Round "3"]
[White "Martin, Tiziano"]
[Black "Sorcinelli, Francesco"]
[Result "1-0"]
[WhiteElo "1906"]
[BlackElo "1881"]
[PlyCount "47"]
[EventDate "2001.12.??"]

1. d4 Nf6 2. Nf3 g6 3. Bf4 Bg7 4. e3 d6 5. h3 Nbd7 6. c3 O-O 7. Bc4 Qe8 8. O-O
e5 9. Bh2 Qe7 10. Qc2 e4 11. Nfd2 d5 12. Be2 c6 13. c4 Nh5 14. Bxh5 gxh5 15.
cxd5 cxd5 16. Nc3 Qg5 17. Bf4 Qf5 18. f3 Nf6 19. fxe4 Qg6 20. Nf3 Bh6 21. Nh4
Qg7 22. e5 Ne4 23. Nxe4 dxe4 24. Bxh6 1-0

[Event "III Festival Piemonte Scacchi A"]
[Site "Torino ITA"]
[Date "2001.12.??"]
[Round "4"]
[White "Pepino, Enrico"]
[Black "Martin, Tiziano"]
[Result "0-1"]
[WhiteElo "2071"]
[BlackElo "1906"]
[PlyCount "64"]
[EventDate "2001.12.??"]

1. e4 e6 2. d4 d5 3. Nc3 dxe4 4. Nxe4 Nd7 5. Nf3 Ngf6 6. Nxf6+ Nxf6 7. Bd3 Be7
8. O-O O-O 9. Bg5 b6 10. Qe2 Bb7 11. Rad1 h6 12. Bc1 Qd6 13. c4 Rad8 14. Ne5
Nd7 15. Bf4 Nxe5 16. dxe5 Qc6 17. f3 Bc5+ 18. Kh1 Qe8 19. Bb1 Qe7 20. Qc2 f5
21. exf6 Qxf6 22. Rxd8 Rxd8 23. Bxc7 Rd7 24. Bg3 g5 25. Qe2 Bd4 26. b3 h5 27.
h4 gxh4 28. Bf2 Be5 29. Re1 Bg3 30. f4 Bxf2 31. Qxf2 Rd4 32. Rxe6 Qxe6 0-1

[Event "III Festival Piemonte Scacchi A"]
[Site "Torino ITA"]
[Date "2001.12.??"]
[Round "5"]
[White "Sorcinelli, Francesco"]
[Black "Pepino, Enrico"]
[Result "1/2-1/2"]
[WhiteElo "1881"]
[BlackElo "2071"]
[PlyCount "81"]
[EventDate "2001.12.??"]

1. d4 Nf6 2. c4 g6 3. Nc3 Bg7 4. e4 d6 5. Nge2 O-O 6. f3 c5 7. d5 e6 8. Nf4
exd5 9. Nfxd5 Nxd5 10. Nxd5 f5 11. Bd3 fxe4 12. Bxe4 Bd4 13. Be3 Bxb2 14. O-O
Nc6 15. Nf4 Bd4 16. Bxd4 Nxd4 17. Nd5 Rb8 18. Qd3 Bf5 19. Rae1 Qg5 20. f4 Qh6
21. Re3 Qg7 22. Rfe1 Rbe8 23. h3 h5 24. Bxf5 Rxe3 25. Rxe3 Nxf5 26. Re6 h4 27.
Ne3 Kh7 28. Nxf5 Rxf5 29. Rxd6 Rxf4 30. Rd5 Rd4 31. Qf3 Rxc4 32. Rh5+ gxh5 33.
Qxh5+ Kg8 34. Qe8+ Qf8 35. Qg6+ Kh8 36. Qh5+ Kg7 37. Qg5+ Kf7 38. Qd5+ Ke8 39.
Qxc4 Qe7 40. Qa4+ Kd8 41. Qxa7 1/2-1/2

[Event "III Festival Piemonte Scacchi A"]
[Site "Torino ITA"]
[Date "2001.12.??"]
[Round "6"]
[White "Barbiso, Tiziana"]
[Black "Martin, Tiziano"]
[Result "0-1"]
[WhiteElo "1888"]
[BlackElo "1906"]
[PlyCount "102"]
[EventDate "2001.12.??"]

1. e4 e5 2. Nf3 Nc6 3. Nc3 d6 4. Bb5 Bd7 5. d4 exd4 6. Nxd4 Nf6 7. Bg5 Be7 8.
Bxc6 bxc6 9. Nf5 Bxf5 10. exf5 O-O 11. O-O h6 12. Bf4 Rb8 13. b3 d5 14. Qf3 Qd7
15. Bg3 Rfe8 16. Rad1 Bb4 17. Ne2 Ne4 18. c3 Nxg3 19. Nxg3 Bf8 20. Qg4 Kh8 21.
Qd4 Bd6 22. f6 g6 23. Qh4 Kh7 24. f4 Re3 25. Rde1 Rxe1 26. Rxe1 Re8 27. Rf1
Bc5+ 28. Kh1 Re3 29. f5 g5 30. Qg4 Qd6 31. Nh5 Qe5 32. Qd1 Bd6 33. Ng3 Qxc3 34.
Qc1 Qe5 35. Qxc6 Re1 36. Qd7 Rxf1+ 37. Nxf1 Qxf6 38. g4 Qe7 39. Qxe7 Bxe7 40.
Kg2 Kg7 41. Ng3 Kf6 42. Kf3 Ke5 43. h3 Kd4 44. Nh5 Kc3 45. Ke2 Kc2 46. Ng3 Bd6
47. Nh1 d4 48. Nf2 a6 49. Nd3 a5 50. Ne1+ Kc3 51. Nd3 c5 0-1

[Event "VI Festival A"]
[Site "Nereto ITA"]
[Date "2001.08.??"]
[Round "5"]
[White "Collutiis, Duilio"]
[Black "Vezzosi, Paolo"]
[Result "1-0"]
[WhiteElo "2289"]
[BlackElo "2408"]
[PlyCount "85"]
[EventDate "2001.08.13"]

1. e4 c5 2. Nf3 Nc6 3. d4 cxd4 4. Nxd4 Qb6 5. Nb3 Nf6 6. Nc3 e6 7. Bd3 Bb4 8.
O-O O-O 9. Be3 Qc7 10. Nb5 Qb8 11. f4 a6 12. a3 Be7 13. Nc3 d6 14. g4 b5 15. g5
Nd7 16. f5 Nce5 17. Nd4 Bb7 18. fxe6 fxe6 19. Nxe6 Rxf1+ 20. Bxf1 Nf8 21. Nd4
Qd8 22. h4 Rc8 23. Nd5 Nfg6 24. Nf5 Bxd5 25. Qxd5+ Kh8 26. Qd1 Qc7 27. c3 Rd8
28. Bg2 Bf8 29. a4 Nc4 30. Bd4 Nxb2 31. Qb3 Nc4 32. axb5 axb5 33. Ra7 Qb8 34.
Nxg7 Bxg7 35. Bxg7+ Kg8 36. Bd4 Nge5 37. Qd1 Rd7 38. Rxd7 Nxd7 39. Qg4 Qe8 40.
Bh3 Nde5 41. Qe6+ Qf7 42. Qxf7+ Kxf7 43. Kf2 {...} 1-0

[Event "XXII C.to Italiano UISP A"]
[Site "Frascati ITA"]
[Date "2001.12.??"]
[Round "?"]
[White "Efimov, Igor"]
[Black "Nelli, Luca"]
[Result "1-0"]
[WhiteElo "2467"]
[BlackElo "2155"]
[PlyCount "119"]
[EventDate "2001.12.06"]

1.d4 Nf6 2.c4 c5 3.d5 b5 4.cxb5 a6 5.bxa6 Bxa6 6.g3 d6 7.Bg2 g6 8.Bd2 Bg7 
9.Bc3 O-O 10.Nh3 Nbd7 11.Nf4 Qb6 12.h4 Rfb8 13.Nd2 Ne8 14.Bxg7 Nxg7 15.b3 
Ne5 16.Rc1 Qa5 17.Rc2 Nf5 18.O-O Nd4 19.Rb2 c4 20.Ne4 c3 21.Qxd4 cxb2 22.
Qxb2 Bb7 23.Nc3 Rc8 24.Na4 Qb4 25.Rb1 Ba6 26.h5 Qa5 27.h6 Rc7 28.Be4 Bb5 
29.Nd3 f6 30.Nxe5 fxe5 31.Bg2 Bxa4 32.bxa4 Qxa4 33.Bh3 Kf7 34.Qb6 Rc3 35.
Qb7 Qa7 36.Qb2 Rxg3+ 37.Bg2 Rg5 38.Qc3 Rf5 39.Qg3 Qxa2 40.Be4 Rf4 41.Bd3 
Qxd5 42.Bc2 Kf8 43.e3 Rf6 44.Qh4 Qd2 45.Bb3 Qd3 46.Rb2 Rb8 47.Bc2 Rxb2 48.
Bxd3 Rfxf2 49.Qh3 Rg2+ 50.Kf1 Rbf2+ 51.Ke1 Rh2 52.Qc8+ Kf7 53.Qh8 Ke6 54.
Qxh7 Rfg2 55.Qg8+ Kf6 56.h7 Rg1+ 57.Bf1 Rgh1 58.Qf8+ Ke6 59.Qg7 Rxh7 60.
Qxg6+ {...} 1-0